000 00336 a2200157 4500
001 72393
020 _a
040 _cAnchieta - Colégio São Paulo
100 _aAzevedo, Ricardo
240 1 0 _aChega de saudade
_lpor
245 1 0 _aChega de saudade
300 _a61
362 0 _a1990
650 4 _aLiteratura juvenil
942 _cBK
999 _c72393
_d72393